000 00428nam a2200181Ia 4500
001 23474
005 20260414150939.0
008 260414t2009||||xx |||||||||||||| ||spa||
041 _aESP
082 _a650.1
_bB86
100 _aBuckingham, Marcus
_eAUT
245 0 _aAhora, descubra sus fortalezas
_b
260 _c2009
300 _a340 páginas :
_c20 cm.
650 _aGEN
654 _aCCO
942 _cLIB
_dJUS
_fJUS
_2ddc
_n
999 _c23474
_d23474